000
00286nam a22001337a 4500
008
170921b xxu||||| |||| 00| 0 eng d
020
_a
9780131930988
041
_a
eng
080
_2
5TH
_a
78
100
_a
45
101
_a
MUZ
245
_a
ROCK AND ROLL
_c
STUESSY,J
942
_2
udc
_c
BK
999
_c
28855
_d
28855